| 000 | 00568nam a2200205 a 4500 | ||
|---|---|---|---|
| 005 | 20140311163036.0 | ||
| 008 | 110803s19uu xx 00 eng d | ||
| 020 | _a9781408007457 | ||
| 050 |
_aHD 62.5 _b.St874 2010 |
||
| 100 | _aStokes, David | ||
| 245 |
_aEntrepreneurship / _cDavid Stokes. |
||
| 260 |
_aUnited Kingdom : _bSouth-Western/Cengage Learning, _c2010. |
||
| 300 |
_a391 p. : _bill. col. ; _c27 cm. |
||
| 521 | _aBSBA | ||
| 650 | _aEntrepreneurship. | ||
| 700 | _aNick Wilson | ||
| 700 | _aMartha Mador | ||
| 942 |
_cBK _2lcc _kFOR |
||
| 999 |
_c39679 _d39679 |
||